Wlazł Kotek na płotek: wersja Czesia; słowa - Statystyki

Ogólne statystyki
  • Ten quiz został rozwiązany 24 razy
  • Średni wynik to 9 z 18
Statystyki odpowiedzi
Odpowiedź % Poprawnych
Kotek
100%
na
100%
płotek
100%
w
100%
Wlazł
100%
i
94%
go
59%
młotek
59%
siekierka
35%
zabiła
35%
dobiła
29%
walnął
29%
Koteczka
24%
Koteczek
12%
hej
6%
nieżywy
6%
pierdolnął
6%
pokrzywy
6%
Nie znaleziono quizów pasujących do podanych kryteriów
Rozkład punktacji
Procent ludzi z każdym wynikiem
Percentyl według liczby udzielonych odpowiedzi
Twoja historia wyników
Nie rozwiązałeś tego quizu